| 000 | 01883nam0a2200349 4500 | ||
|---|---|---|---|
| 001 | RU\NLR\bibl\1666800 | ||
| 005 | 20260409074021.0 | ||
| 010 |
_a978-5-7260-1111-0 _91000 |
||
| 021 |
_aRU _b2010-55308 _93625 |
||
| 035 | _a(NLR Aleph) 001658073 | ||
| 090 |
_a964008 _c964008 |
||
| 100 | _a20100823d2010 |||y0rusy50 ca | ||
| 101 | 0 |
_arus _aeng _afre _aspa |
|
| 102 | _aRU | ||
| 105 | _ay ||||||||| | ||
| 200 | 1 |
_aКонституция Российской Федерации _dThe constitution of the russian federation _dLą cоnstitution de la fédération de Russie _e[на русском, английском, французском, немецком и испанском языках _eпринята всенародным голосованием 12 декабря 1993 г.] _zeng _zfre |
|
| 210 |
_aМосква _cЮридическая литература _d2010 |
||
| 215 |
_a431 с. _d15 |
||
| 300 | _aПарал. загл. также на нем. и исп. яз. | ||
| 604 |
_121001$aРоссийская Федерация _1230##$aКонституция$k1993 _aРоссийская Федерация _tКонституция _3RU\NLR\AUTH\661276196 _92111763 |
||
| 686 | _aХ620.12Р02"1993" | ||
| 740 | 1 |
_aРоссийская Федерация _tКонституция _f1993 _3RU\NLR\AUTH\8810001333 _9499819 |
|
| 741 | 1 |
_8fre _aFédération de Russie _tConstitution _f1993 _7ba _3RU\NLR\AUTH\8810050550 _9601236 |
|
| 741 | 1 |
_8ger _aRussische Federation _tVerfassung _f1993 _7ba _3RU\NLR\AUTH\8810079477 _9661117 |
|
| 741 | 1 |
_8spa _aFederación de Rusia _tConstitución _f1993 _7ba _3RU\NLR\AUTH\8810161397 _9818676 |
|
| 741 | 1 |
_8eng _aRussian Federation _tConstitution _f1993 _7ba _3RU\NLR\AUTH\8810003860 _9505001 |
|
| 801 | 0 |
_aRU _bNLR _c20100823 _gRCR |
|
| 801 | 1 |
_aRU _bNLR _c20100823 |
|
| 942 | _cBOOK | ||
| 980 | _aNB | ||